|
|
|
|
| LEADER |
00000nam0a2200000 4500 |
| 001 |
227046 |
| 005 |
20231031201254.0 |
| 010 |
|
|
|b 25000 экз.
|
| 035 |
|
|
|a (RuTPU)RU\TPU\book\247443
|
| 090 |
|
|
|a 227046
|
| 100 |
|
|
|a 20121129d1937 e y0rusy50 ca
|
| 101 |
0 |
|
|a rus
|
| 102 |
|
|
|a RU
|
| 105 |
|
|
|a af z 001zy
|
| 200 |
1 |
|
|a Потемкинцы
|e Воспоминания о восстании на броненосце "Князь Потемкин-Таврический" 27/14 июня 1905 года
|f И. Лычев
|
| 210 |
|
|
|a Москва
|c Издательство ЦК ВЛКСМ "Молодая гвардия"
|d 1937
|
| 215 |
|
|
|a 165 с.
|c ил.
|
| 320 |
|
|
|a Хроника потемкинских событий 25(12) июня-10 июля (27 июня) 1905 г.: с.163-165.
|
| 610 |
1 |
|
|a история России
|
| 610 |
1 |
|
|a Россия
|
| 610 |
1 |
|
|a 20 век
|
| 610 |
1 |
|
|a Русско-японская война 1904-1905
|
| 610 |
1 |
|
|a броненосец Потемкин
|
| 610 |
1 |
|
|a воспоминания
|
| 675 |
|
|
|a 9(С)
|v 3
|
| 700 |
|
1 |
|a Лычев
|b И.
|
| 801 |
|
1 |
|a RU
|b 63413507
|c 20121129
|
| 801 |
|
2 |
|a RU
|b 63413507
|c 20121129
|g RCR
|
| 942 |
|
|
|c BK
|